[Event "Volme op-G"]
[Site "Schalksmuehle"]
[Date "2007.08.25"]
[Round "3"]
[White "Gregull, Erwin"]
[Black "Stork, Bernhard"]
[Result "0-1"]
[WhiteElo "1491"]
[BlackElo "1478"]
[PlyCount "70"]
[EventDate "2007.08.24"]
[EventType "tourn"]
[EventRounds "5"]
[EventCountry "GER"]
[SourceTitle "EXT 2009"]
[Source "ChessBase"]
[SourceDate "2008.11.26"]
[SourceVersion "1"]
[SourceVersionDate "2008.11.26"]
[SourceQuality "1"]

1. e4 e5 2. Nf3 Nc6 3. Bb5 d6 4. c3 Bd7 5. 0-0 Nf6 6. Re1 Nb8 7. Bc4 Be6 8. Bxe6 fxe6 9. Qb3 Qc8 10. Ng5 Ke7 11. d4 h6 12. Nf3 Nbd7 13. Nh4 Qe8 14. d5 Nc5 15. Qc2 Qh5 16. Nf3 g5 17. h3 g4 18. hxg4 Qxg4 19. Nbd2 Rg8 20. g3 h5 21. Nh4 Qxh4 22. b4 Rxg3+ 23. fxg3 Qxg3+ 24. Kf1 Nd3 25. Re2 Ng4 26. Nc4 Nxc1 27. Rxc1 Bh6 28. Rg2 Rf8+ 29. Kg1 Be3+ 30. Nxe3 Qxe3+ 31. Kh1 Nf2+ 32. Rxf2 Rxf2 33. Qxf2 Qxf2 34. Rg1 Qh4+ 35. Kg2 Qxe4+ 0-1

[Event "Volme op-G"]
[Site "Schalksmuehle"]
[Date "2007.08.25"]
[Round "2"]
[White "Koenig, Paul"]
[Black "Gregull, Erwin"]
[Result "0-1"]
[WhiteElo "1471"]
[BlackElo "1491"]
[PlyCount "56"]
[EventDate "2007.08.24"]
[EventType "tourn"]
[EventRounds "5"]
[EventCountry "GER"]
[SourceTitle "EXT 2009"]
[Source "ChessBase"]
[SourceDate "2008.11.26"]
[SourceVersion "1"]
[SourceVersionDate "2008.11.26"]
[SourceQuality "1"]

1. c4 c5 2. Nf3 Nc6 3. Nc3 g6 4. d4 cxd4 5. Nxd4 Bg7 6. Nxc6 bxc6 7. Qc2 Nf6 8. e4 d6 9. g3 0-0 10. Bg2 Bd7 11. 0-0 Qc8 12. Rd1 Bh3 13. Bh1 Rb8 14. b3 Nd7 15. Bb2 Ne5 16. f4 Ng4 17. Qd2 Qb7 18. Ne2 Bxb2 19. Qxb2 Ne3 20. Rd3 Nxc4 21. Qd4 Nb6 22. Qe3 Rbd8 23. Qf3 Bd7 24. Qe3 d5 25. exd5 Nxd5 26. Bxd5 cxd5 27. Kg2 d4+ 28. Qf3 Bc6 0-1